The Urban Reproduction of Subjectivities (Запис № 579883)

МАРК-запис
000 -LEADER
fixed length control field 05877nam a22007455i 4500
001 - CONTROL NUMBER
control field 978-3-032-01465-8
003 - CONTROL NUMBER IDENTIFIER
control field DE-He213
005 - DATE AND TIME OF LATEST TRANSACTION
control field 20260304124518.0
007 - PHYSICAL DESCRIPTION FIXED FIELD--GENERAL INFORMATION
fixed length control field cr nn 008mamaa
008 - FIXED-LENGTH DATA ELEMENTS--GENERAL INFORMATION
fixed length control field 260102s2025 sz | s |||| 0|eng d
020 ## - INTERNATIONAL STANDARD BOOK NUMBER
International Standard Book Number 9783032014658
-- 978-3-032-01465-8
024 7# - OTHER STANDARD IDENTIFIER
Standard number or code 10.1007/978-3-032-01465-8
Source of number or code doi
050 #4 - LIBRARY OF CONGRESS CALL NUMBER
Classification number HT101-395
072 #7 - SUBJECT CATEGORY CODE
Subject category code JHB
Source bicssc
072 #7 - SUBJECT CATEGORY CODE
Subject category code JFSG
Source bicssc
072 #7 - SUBJECT CATEGORY CODE
Subject category code SOC026030
Source bisacsh
072 #7 - SUBJECT CATEGORY CODE
Subject category code JHB
Source thema
072 #7 - SUBJECT CATEGORY CODE
Subject category code JBSD
Source thema
082 04 - DEWEY DECIMAL CLASSIFICATION NUMBER
Classification number 307.76
Edition number 23
100 1# - MAIN ENTRY--PERSONAL NAME
Personal name De Lima Amaral, Camilo Vladimir.
Relator term author.
Relator code aut
-- http://id.loc.gov/vocabulary/relators/aut
9 (RLIN) 23824
245 14 - TITLE STATEMENT
Title The Urban Reproduction of Subjectivities
Medium [electronic resource] :
Remainder of title Deconstructing Neoliberal Architectures in London /
Statement of responsibility, etc by Camilo Vladimir De Lima Amaral.
250 ## - EDITION STATEMENT
Edition statement 1st ed. 2025.
264 #1 -
-- Cham :
-- Springer Nature Switzerland :
-- Imprint: Springer,
-- 2025.
300 ## - PHYSICAL DESCRIPTION
Extent XIII, 144 p. 22 illus., 12 illus. in color.
Other physical details online resource.
336 ## -
-- text
-- txt
-- rdacontent
337 ## -
-- computer
-- c
-- rdamedia
338 ## -
-- online resource
-- cr
-- rdacarrier
341 0# -
-- PDF/UA-1
-- onix
341 0# -
-- Table of contents navigation
-- onix
341 0# -
-- Single logical reading order
-- onix
341 0# -
-- Short alternative textual descriptions
-- onix
341 0# -
-- Use of color is not sole means of conveying information
-- onix
341 0# -
-- Use of high contrast between text and background color
-- onix
341 0# -
-- Next / Previous structural navigation
-- onix
341 0# -
-- All non-decorative content supports reading without sight
-- onix
347 ## -
-- text file
-- PDF
-- rda
490 1# - SERIES STATEMENT
Series statement SpringerBriefs in Geography,
Міжнародний стандартний серійний номер для назви серії (ISSN) 2211-4173
505 0# - FORMATTED CONTENTS NOTE
Formatted contents note 1 The Reproduction of Social Relations by Urban Spaces -- 2 The Privatisation of Spaces in London and the Metropolis Enclosure -- 3 For a Theory of Urban Reification: Designing Urban Things and Its Fantasies -- 4 Fetish as It Happens: Depoliticisation of Revolt and London’s Housing Crisis -- 5 For a Theory of Urban Fetish: Techniques of Phenomena and Fantasies -- 6 For Deconstructing Neoliberal Objectification -- 7 Subject to Change: Imagining Transitional Subjectivities.
506 0# - RESTRICTIONS ON ACCESS NOTE
Terms governing access Open Access
520 ## - SUMMARY, ETC.
Summary, etc This open access book analyzes how subjectivities are produced and reproduced by urban spatial structures in twenty-first century neoliberal London. In three steps, it examines the continuous processes of intertwining conflicts that constitute urban space: It demonstrates how contemporary neoliberal spatial processes enclose subjectivity; it addresses how these processes are mediated by design and science; and finally, it examines how detours and insurgencies might be developed. This book interrogates the processes and consequences of privatization. Neoliberal spaces disconnect people from non-hegemonic actions and subtly control the urban experience by encouraging consumerist behavior and passive spectatorship. Despite the dispossession, expropriation, and exclusion these processes entail, people come to love these privatized urban spaces. Using case studies from around London, the book challenges traditional notions of public spaces. Georg Simmel described the metropolitan spaces as experiences of difference, freedom, and rationality, but this book explores how spaces now construct a post-metropolis shaped by domestication and anaesthetic comfort, exerting control through invisible cages and reproducing spatial machines that reinforce consumerist subjectivities. It analyzes policies, plans, and scientific discourse to trace how fetish mechanisms contribute to the objectification of social relations in urban spaces. By helping to understand the political economy of urban production, this book aims to help overcome neoliberal hegemonic design-thinking strategies. Therefore, it also addresses conflicts, insurgent experiences, and practices that explore alternative routes, such as micro-utopias and hacking practices. The Urban Reproduction of Subjectivities invites academics, practitioners, and activists to open new fields for critical design, urbanism, and architecture, to search for new imaginings of a different city, and to develop alternative design practices.
532 8# -
-- Accessibility summary: This PDF has been created in accordance with the PDF/UA-1 standard to enhance accessibility, including screen reader support, described non-text content (images, graphs), bookmarks for easy navigation, keyboard-friendly links and forms and searchable, selectable text. We recognize the importance of accessibility, and we welcome queries about accessibility for any of our products. If you have a question or an access need, please get in touch with us at accessibilitysupport@springernature.com. Please note that a more accessible version of this eBook is available as ePub.
532 8# -
-- No reading system accessibility options actively disabled
532 8# -
-- Publisher contact for further accessibility information: accessibilitysupport@springernature.com
650 #0 - SUBJECT ADDED ENTRY--TOPICAL TERM
Topical term or geographic name as entry element Sociology, Urban.
9 (RLIN) 1228
650 #0 - SUBJECT ADDED ENTRY--TOPICAL TERM
Topical term or geographic name as entry element Human geography.
650 #0 - SUBJECT ADDED ENTRY--TOPICAL TERM
Topical term or geographic name as entry element Cultural geography.
650 #0 - SUBJECT ADDED ENTRY--TOPICAL TERM
Topical term or geographic name as entry element Design.
650 #0 - SUBJECT ADDED ENTRY--TOPICAL TERM
Topical term or geographic name as entry element Environmental geography.
650 14 - SUBJECT ADDED ENTRY--TOPICAL TERM
Topical term or geographic name as entry element Urban Sociology.
9 (RLIN) 1231
650 24 - SUBJECT ADDED ENTRY--TOPICAL TERM
Topical term or geographic name as entry element Social and Cultural Geography.
650 24 - SUBJECT ADDED ENTRY--TOPICAL TERM
Topical term or geographic name as entry element Design.
650 24 - SUBJECT ADDED ENTRY--TOPICAL TERM
Topical term or geographic name as entry element Human Geography.
650 24 - SUBJECT ADDED ENTRY--TOPICAL TERM
Topical term or geographic name as entry element Integrated Geography.
710 2# - ADDED ENTRY--CORPORATE NAME
Corporate name or jurisdiction name as entry element SpringerLink (Online service)
773 0# - HOST ITEM ENTRY
Title Springer Nature eBook
776 08 - ADDITIONAL PHYSICAL FORM ENTRY
Display text Printed edition:
International Standard Book Number 9783032014641
776 08 - ADDITIONAL PHYSICAL FORM ENTRY
Display text Printed edition:
International Standard Book Number 9783032014665
830 #0 - SERIES ADDED ENTRY--UNIFORM TITLE
Uniform title SpringerBriefs in Geography,
-- 2211-4173
9 (RLIN) 4102
856 40 - ELECTRONIC LOCATION AND ACCESS
Uniform Resource Identifier <a href="https://doi.org/10.1007/978-3-032-01465-8">https://doi.org/10.1007/978-3-032-01465-8</a>
912 ## -
-- ZDB-2-SLS
912 ## -
-- ZDB-2-SXS
912 ## -
-- ZDB-2-SOB

Немає доступних примірників.